000 00247nam a2200109Ia 4500
008 220216s9999 xx 000 0 und d
100 _aTiyo
245 0 _aRubbermark outwits traders
260 _bRubber Asia
_c1994
300 _a65-67
942 _cJS
999 _c68294
_d68294